000 00323nam a22001097a 4500
082 _a500
100 _aमुखर्जी सिद्धार्थ
_979911
245 _aसामान्‍य विज्ञान
260 _aMeerut
_b Arihant Pub
_c 2020
650 _aविज्ञान
_979912
942 _cBK
999 _c63454
_d63454